000 00995nac a22003131u 4500
003 EG-ScBUE
005 20220808114417.0
008 200219s1994 enka f 000 1 eng d
020 _a0195863135
020 _a9780195863130
040 _aEG-ScBUE
_beng
_erda
_cEG-ScBUE
_dEG-ScBUE
082 0 4 _a823.7
_bAUS
_222
100 1 _aAusten, Jane,
_d1775-1817,
_eauthor.
245 1 0 _aMansfield park /
_cJane Austen.
264 1 _aOxford ;
_aNew York :
_bOxford University Press,
_c1994.
300 _a105 pages :
_billustrations ;
_c17 cm.
336 _2rdacontent
_atext
_btxt
337 _2rdamedia
_aunmediated
_bn
338 _2rdacarrier
_avolume
_bnc
490 0 _aOxford progressive English readers
500 _aDistributer: Baccah.
650 7 _aYoung women
_vFiction.
_2BUEsh
650 7 _aChildren of the rich
_vFiction.
_2BUEsh
650 7 _aSocial classes
_vFiction.
_2BUEsh
651 _2BUEsh
653 _bHHUUEENN
655 _vReading book
_934232
942 _cBB
_2ddc
999 _c8767
_d8767